Analýza bezchybného prenosu v technológii Wi-Fi

Uložené v:
Podrobná bibliografia
Hlavný autor: Štefan, Patrik (Autor)
Ďalší autori: Kotuliaková, Kvetoslava (Vedúci práce)
Médium: Rukopis Kniha
Jazyk:Slovak
English
Vydavateľské údaje: 2015
Predmet:
On-line prístup:http://is.stuba.sk/zp/portal_zp.pl?podrobnosti=111903
Tagy: Pridať tag
Žiadne tagy, Buďte prvý, kto otaguje tento záznam!

MARC

LEADER 00000ntm a22000003a 4500
001 stuzp45999
003 SK-STU
005 20160719153117.4
007 ta
008 150427s2015----xo-----f-mn---000-0-slo-d
040 |a STU  |b slo 
041 0 |a eng 
100 1 |a Štefan, Patrik  |u 037000  |4 aut  |U FEI Fakulta elektrotechniky a informatiky  |T FEI Ústav telekomunikácií  |X 64929  |U E070  |Y 818  |7 A000064929 
242 0 1 |a Analýza bezchybného prenosu v technológii Wi-Fi  |y slo 
245 1 0 |a Analýza bezchybného prenosu v technológii Wi-Fi 
260 |c 2015 
300 |a 74 s., príl. 
650 4 |a IEEE 802.11  |2 slo 
650 4 |a Wi-Fi  |2 slo 
650 4 |a adaptačné mechanizmy  |2 slo 
650 4 |a priepustnosť  |2 slo 
650 4 |a IEEE 802.11  |2 eng 
650 4 |a Wi-Fi  |2 eng 
650 4 |a adaptation mechanisms  |2 eng 
650 4 |a throughput  |2 eng 
700 1 |a Kotuliaková, Kvetoslava  |4 ths  |X 2015  |7 A000002015 
856 4 |u http://is.stuba.sk/zp/portal_zp.pl?podrobnosti=111903 
996 |b 284EP11266  |c E*DIPL- 11266  |l EE37  |s P  |a 0  |w stuzp45999_0001 
SQL |a stuzp45999  |b DDP  |c ENG  |d Analýza bezchybného prenosu v technológii Wi-Fi  |e 64929  |f Štefan, Patrik  |g 037000  |h 2015  |i Kotuliaková, Kvetoslava  |j 20150616  |k 86  |l 03  |m http://is.stuba.sk/zp/portal_zp.pl?podrobnosti=111903  |n I-TLK  |o 5.2.15. telekomunikácie